| 000 | 00689nam a22001937a 4500 | ||
|---|---|---|---|
| 003 | OSt | ||
| 005 | 20240628111224.0 | ||
| 008 | 240628b |||||||| |||| 00| 0 eng d | ||
| 020 | _a082644802X | ||
| 040 |
_aDDC _cMUST |
||
| 082 |
_a375 EDU 2000 _b29 |
||
| 100 |
_aEdited by Ron Best _918318 |
||
| 245 |
_aEducation for Spiritual,Moral,Social and Culture Devlopment: _bContinuum studies in Pastral Care and Personal and Social Education / _cEdited by Ron Best. |
||
| 260 |
_aNY: _bRon Best and the Contributors; _c2000. |
||
| 300 |
_aviii,216p.: _bill,; _c 23.3cm. |
||
| 504 | _aIncludes Bibliographical Indexes | ||
| 650 |
_2Cultural Development _aEducation _91404 |
||
| 942 |
_2ddc _cO_SHELF |
||
| 999 |
_c9011 _d9011 |
||